00651cam a22001813a 450000100060000000300060000600500170001200800410002904000150007004200070008510000300009224501970012226000290031950600300034851600200037883000290039885600420042735241PGUSA20140828083747.0110211s2011||||xxu|||||s|||||000 | eng d aPGUSAbeng adc1 aBangs, Outram,d1862-193210aNotes on Philippine Birds Collected by Governor W. Cameron Forbes :bBulletin of the Museum of Comparative Zoölogy at Harvard College, Vol. LXV. No. 4.h[electronic resource] /cOutram Bangs bProject Gutenberg,c2011 aPublic domain in the USA. aElectronic text 0aProject Gutenbergv3524140uhttp://www.gutenberg.org/ebooks/35241